000 00731nam a2200205Ia 4500
008 150520s9999 xx 000 0 und d
050 _aRC 629
050 _b.B428 2015
100 _aBelena, King F.
245 _aEfficacy of flammulina velutipes (enoki mushroom) in increasing HDL level in rattus norvegicus /
245 _cKing F. Belena, Maryan Fearl Myen C. Benito, Ranya U. De Guia, Mark Adrian D. Nival, Philline Mae B. Pacete .
260 _aLas PiƱas, Philippines :
260 _bSISC,
260 _c2015.
300 _a87 pages :
300 _bcolor illustrations ;
300 _c28 cm.
500 _aIncludes bibliographical references and appendices.
650 _aEnoki Mushroom (Flammulina Velutipes)
999 _c284050
_d284050